Normale Ansicht MARC-Ansicht ISBD

Menševiki v 1917 godu (Titelsatznr. 15792)

[ MARC ]
MARC-Details
000 -Satzkennung
Kontrollfeld mit fester Länge 00813nam a22001811cc4500
001 - Kontrollnummer
Kontrollfeld a987685352+Tom3-1
035 ## - Systemkontrollnummer
System-Kontrollnummer a987685352
008 - Feld mit fester Länge zur physischen Beschreibung - Allgemeine Angaben
Kontrollfeld mit fester Länge 170721s1996 gw |||| 000u rus d
020 ## - Internationale Standardbuchnummer
Internationale Standardbuchnummer 5860040482
Verknüpfung 5-86004-048-2
040 ## - Katalogisierungsquelle
Übertragungsstelle RU-10907106
003 - Kontrollnummer Identifier
Kontrollfeld RU-10907106
245 00 - Titel
Titel Menševiki v 1917 godu
Zählung des Teils/der Abteilung eines Werkes Tom 3/1
Titel eines Teils/einer Abteilung eines Werkes Ot kornilovskogo mjateža do konca dekabrja / Ot kornilovskogo mjateža do Vremennogo Demokratičeskogo Soveta Rossijskoj Respubliki (avgust - pervaja dekada oktjabrja)
264 ## - Produktion, Veröffentlichung, Distribution, Herstellung und Urheberrechtsvermerk
Herstellungs-, Veröffentlichungs- Vertriebs-, Erzeugungsort Moskva :
Produzent, Herausgeber, Distributor, Hersteller ROSSPEN,
Datum der Herstellung, der Veröffentlichung, des Vertriebs oder des Urheberschutzvermerks 1996
246 12 - Titelvarianten
Hauptsachtitel/Kurztitel Menševiki v 1917 godu. Ot kornilovskogo mjateža do konca dekabrja / Ot kornilovskogo mjateža do Vremennogo Demokratičeskogo Soveta Rossijskoj Respubliki (avgust - pervaja dekada oktjabrja)
Zählung des Teils/der Abteilung eines Werkes Tom 3/1
300 ## - Physische Beschreibung
Umfang 448 S.
773 08 - Übergeordnete Einheit
Datensatzkontrollnummer a987685352
Zählung und erste Seite Tom3-1
942 ## - Zusätzliche Felder (Koha)
Koha-Medientyp Monographien
Exemplare
Ausgeschieden Verloren Klassifikation oder Aufstellungssystematik Beschädigt Nicht entleihbar Heimatbibliothek Aufenthaltsbibliothek Aufstellungsort Erwerbungsdatum Inventarnummer Signatur Barcode Letzte Aktivität Preis gültig von Koha-Medientyp
    Andere/Generische Klassifikation     MWN Osteuropa MWN Osteuropa Magazin - 2 21/07/2017 17-03504 Ersatzß R 61 ej Men (17/3/1) E004015078FCD673 14/09/2020 22/03/2021 Monographien